[Event "FRG-ch International"]
[Site "Dortmund"]
[Date "1973.??.??"]
[Round "14"]
[White "Parma, Bruno"]
[Black "Keene, Raymond D"]
[Result "1-0"]
[WhiteElo "2510"]
[BlackElo "2435"]

1.e4 g6 2.d4 d6 3.Nc3 Bg7 4.f4 Nf6 5.Nf3 O-O 6.Bd3 Nc6 7.e5 dxe5 8.dxe5 Nd5
9.Bd2 Ncb4 10.Be4 Nb6 11.a3 Na6 12.Qe2 Nc5 13.O-O-O Nxe4 14.Nxe4 Qd5 15.Nc3 Qc4
16.Qxc4 Nxc4 17.Nd5 Bg4 18.Bb4 c6 19.Nxe7+ Kh8 20.Rhe1 Bxf3 21.gxf3 Rfd8
22.Rxd8+ Rxd8 23.b3 Nb6 24.f5 Bh6+ 25.Kb2 Na8 26.Bd6 Bf4 27.Re4 Bxh2 28.fxg6 fxg6
29.Rh4 Bg3 30.Nxg6+ Kg7 31.Rg4 hxg6 32.Rxg3 Nb6 33.c4 Rh8 34.Bc5 Rh2+ 35.Kc3 Nd7
36.Bxa7 Nf8 37.f4 Kf7 38.Rd3 Ke8 39.Rd6 Rh3+ 40.Kb4 Rf3 41.Rf6 Nd7 42.Rxg6 Rxf4
43.e6 Nf8 44.Rg8  1-0

[Event "EU-ch U20 qual"]
[Site "Groningen"]
[Date "1973.??.??"]
[Round "4"]
[White "Mestel, A Jonathan"]
[Black "Spacek, Petr"]
[Result "1-0"]
[WhiteElo "2270"]
[BlackElo "2225"]

1.e4 g6 2.d4 Bg7 3.Nc3 d6 4.Be3 c6 5.f4 Qb6 6.Rb1 Nh6 7.Nf3 Bg4 8.Be2 d5
9.e5 Nf5 10.Bf2 h5 11.O-O e6 12.Nh4 Bxe2 13.Nxe2 Nh6 14.h3 Bf8 15.Nf3 Nd7
16.c4 Qa5 17.b4 Qa6 18.c5 b5 19.Nc3 Be7 20.Bh4 Nf5 21.Bxe7 Kxe7 22.Qd3 h4
23.a4 Rhb8 24.Rfc1 Qb7 25.Nxb5 cxb5 26.c6 Qb6 27.a5 Qc7 28.cxd7 Qxd7 29.Rc5 a6
30.Rbc1 Rc8 31.Qc2 Rxc5 32.Qxc5+ Ke8 33.Ng5 Qa7 34.Qc6+ Kf8 35.Kh2 Kg7 36.Qc7 Nxd4
37.Nxf7 Ne2 38.Ng5+ Kh6 39.Qxa7 Rxa7 40.Rc6 Nxf4 41.Nxe6 Nd3 42.Nf8 Nxb4
43.Rxg6+ Kh5 44.Rg4 Nc6 45.Ng6 Nxa5 46.Nxh4 Kh6 47.Nf5+ Kh7 48.e6 Nc6 49.e7 Rxe7
50.Nxe7 Nxe7 51.Rg5 d4 52.Kg1 Nc6 53.Rd5 b4 54.Rd6 d3 55.Rxc6 b3 56.Kf2  1-0

[Event "HUN-ch"]
[Site "?"]
[Date "1973.??.??"]
[Round "?"]
[White "Dely, Peter"]
[Black "Bilek, Istvan"]
[Result "1/2-1/2"]
[WhiteElo "2480"]
[BlackElo "2500"]

1.e4 g6 2.d4 Bg7 3.Nc3 d6 4.Nf3 c6 5.h3 Nf6 6.Bf4 O-O 7.Qd2 d5 8.e5 Ne4 9.Nxe4 dxe4
10.Ng5 c5 11.d5 f5 12.h4 h6 13.Nh3 Kh7 14.O-O-O Nd7 15.Qc3 Nb6 16.Qg3 c4
17.Ng5+ Kg8 18.Ne6  1/2-1/2

[Event "NLD-ch"]
[Site "Leeuwarden"]
[Date "1973.??.??"]
[Round "6"]
[White "Scholl, Eduard C"]
[Black "Boersma, Paulus A"]
[Result "1/2-1/2"]
[WhiteElo "2400"]
[BlackElo "2335"]

1.e4 d6 2.d4 g6 3.Nc3 Bg7 4.f4 Nf6 5.Nf3 c5 6.dxc5 Qa5 7.Bd3 Qxc5 8.Qe2 Nbd7
9.Be3 Qc7 10.O-O a6 11.a4 b6 12.h3 Bb7 13.Qf2 O-O 14.f5 d5 15.e5 Ne4 16.Qh4 Nxe5
17.Bxe4 dxe4 18.Ng5 h6 19.Ngxe4 gxf5 20.Rxf5 Ng6 21.Qf2 Bxe4 22.Nxe4 Qc4
23.Nc3 b5 24.axb5 axb5 25.Rf1 Rac8 26.Nxb5 Qxc2 27.Nd4 Qxf2+ 28.R5xf2 e6
29.Nf3 Rfd8 30.b4 Rc3 31.Bc5 Nf4 32.Rd2 Rxd2 33.Nxd2 Nd3 34.Ne4 Rb3 35.Nf6+ Kh8
36.Ne8  1/2-1/2

[Event "DSV-Turnier"]
[Site "Leipzig"]
[Date "1973.??.??"]
[Round "7"]
[White "Hennings, Artur"]
[Black "Knaak, Rainer"]
[Result "1-0"]
[WhiteElo "2435"]
[BlackElo "2475"]

1.e4 g6 2.Nc3 Bg7 3.d4 d6 4.Be3 c6 5.Qd2 Nd7 6.f3 b5 7.Nh3 Qc7 8.Nf2 Rb8
9.Be2 b4 10.Ncd1 c5 11.O-O Ngf6 12.c4 cxd4 13.Bxd4 O-O 14.b3 e5 15.Be3 Nc5
16.Nb2 a5 17.Rad1 Ne8 18.Nfd3 Ne6 19.c5 f5 20.cxd6 Nxd6 21.Nxb4 Nxe4 22.fxe4 axb4
23.Bc4 Kh8 24.Qd6 Qxd6 25.Rxd6 Nd4 26.Nd3 Ne2+ 27.Kh1 Nc3 28.Nc5 Nxa2 29.Ra1 Nc3
30.Ra7 Nb5 31.Bxb5 Rxb5 32.Rc6 f4 33.Bf2 g5 34.Rcc7 Rg8 35.Nd3 Bg4 36.Bc5 Be6
37.Be7 Re8 38.Bxg5 h6 39.Bh4 Bf8 40.Bf6+ Kg8 41.Rh7 Be7 42.Raxe7  1-0

[Event "DSV-Turnier"]
[Site "Leipzig"]
[Date "1973.??.??"]
[Round "10"]
[White "Jansa, Vlastimil"]
[Black "Vogt, Lothar"]
[Result "1-0"]
[WhiteElo "2475"]
[BlackElo "2440"]

1.e4 d6 2.d4 g6 3.Nc3 Bg7 4.f4 a6 5.Nf3 b5 6.Bd3 Bb7 7.Qe2 Nd7 8.e5 e6 9.a4 b4
10.Ne4 d5 11.Nf2 c5 12.dxc5 Nxc5 13.Be3 Qa5 14.O-O Ne7 15.Ng4 Ne4 16.Nd2 Nxd2
17.Bxd2 Nf5 18.Nf2 Bf8 19.c3 bxc3 20.Bxc3 Bb4 21.Bxf5 gxf5 22.Bd4 O-O 23.Nd3 Be7
24.Qh5 Kh8 25.Rf3 Rg8 26.Qxf7 Qd2 27.g3 Rg7 28.Qxe6 Qe2 29.Re3 Qc2 30.Qb6 Bd8
31.Qb4 Kg8 32.Rc1  1-0

[Event "Netanya-B"]
[Site "Netanya"]
[Date "1973.??.??"]
[Round "5"]
[White "Kaufman, Larry C"]
[Black "Bobis, L."]
[Result "1-0"]
[WhiteElo "2400"]
[BlackElo "2200"]

1.e4 g6 2.d4 Bg7 3.Nc3 d6 4.f4 Nf6 5.Nf3 O-O 6.Be2 c5 7.dxc5 Qa5 8.O-O Qxc5+
9.Kh1 Nc6 10.Bd3 Bg4 11.Qe1 Nb4 12.Be3 Nxd3 13.cxd3 Qa5 14.Nd4 Bd7 15.f5 Ng4
16.Bg1 Qd8 17.Qh4 Ne5 18.Nd5 Re8 19.Qg3 Bc6 20.Nf4 a5 21.h4 Kh8 22.h5 g5
23.Qxg5 Bf6 24.Qg3 Rg8 25.Qe3 Qf8 26.Qe2 Qh6 27.Be3 Bg5 28.Nxc6 bxc6 29.d4 Nd7
30.e5 dxe5 31.dxe5 f6 32.e6 Ne5 33.Rad1 Rab8 34.Rd4 Rb4 35.Rxb4 axb4 36.g3 c5
37.b3 Qf8 38.Rd1 Bxf4 39.Bxf4 Ng4 40.Rd7 Qe8 41.Kg1 Qxh5 42.Rxe7 c4 43.bxc4 Qxf5
44.Rb7 Qc5+ 45.Kf1 Qc6 46.Qg2 Qxc4+ 47.Qe2 Qd5 48.Qb5 Qxa2 49.Rxh7+ Kxh7
50.Qh5+ Kg7 51.Qxg4+  1-0

[Event "Netanya-B"]
[Site "Netanya"]
[Date "1973.??.??"]
[Round "8"]
[White "Malachi, Avraham"]
[Black "Cnaan, Moshe"]
[Result "0-1"]
[WhiteElo "2200"]
[BlackElo "2200"]

1.e4 d6 2.d4 g6 3.Nc3 Bg7 4.Be3 c6 5.Qd2 b5 6.f3 Nd7 7.Nh3 Qa5 8.Nf2 Nb6
9.b3 b4 10.Ncd1 c5 11.Be2 Ba6 12.Bxa6 Qxa6 13.Rc1 Nd7 14.c3 bxc3 15.Nxc3 Rc8
16.dxc5 Nxc5 17.Nd5 Nf6 18.b4 Nxd5 19.exd5 Na4 20.Rxc8+ Qxc8 21.O-O O-O 22.Bxa7 Qb7
23.Be3 Nc3 24.Bh6 Bxh6 25.Qxh6 Qxb4 26.Qd2 Ra8 27.Ra1 Rxa2 28.Rxa2 Nxa2 29.Qd1 Nc3
30.Qa1 Nxd5 31.Ng4 Nc3 32.Qa8+ Kg7 33.g3 h5  0-1

[Event "ARG-ch"]
[Site "Santa Fe"]
[Date "1973.??.??"]
[Round "6"]
[White "Hase, Ricardo"]
[Black "Bazan, Osvaldo"]
[Result "0-1"]
[WhiteElo "2280"]
[BlackElo "2200"]

1.e4 g6 2.d4 Bg7 3.Nc3 d6 4.Be3 c6 5.Qd2 b5 6.a4 Qa5 7.Bd3 Nd7 8.Nge2 Rb8
9.O-O b4 10.Nd1 Ngf6 11.h3 O-O 12.f4 c5 13.Nf2 Bb7 14.b3 Rfc8 15.Rae1 c4
16.bxc4 Nb6 17.e5 Nxc4 18.Bxc4 Rxc4 19.exf6 Qd5 20.Ne4 exf6 21.N2g3 Rbc8
22.f5 g5 23.Rf2 h5 24.Bxg5 Rxc2 25.Nxh5 Rxd2 26.Nhxf6+ Bxf6 27.Nxf6+ Kg7
28.Nxd5 Rxf2 29.Bf6+ Kh7 30.Kxf2 Bxd5 31.Bg5 b3 32.Re2 Rb8 33.Bc1 Rb4 34.Rb2 Rxa4
35.Ke3 a5 36.g4 Ra1 37.Bd2 a4 38.Bc3 Rh1 39.Bb4 f6 40.g5 fxg5 41.Bxd6 Rxh3+
42.Kd2 g4  0-1

[Event "Sao Paulo"]
[Site "Sao Paulo"]
[Date "1973.??.??"]
[Round "3"]
[White "Kagan, Shimon"]
[Black "Biyiasas, Peter"]
[Result "1-0"]
[WhiteElo "2405"]
[BlackElo "2420"]

1.e4 g6 2.d4 d6 3.Nc3 Bg7 4.Nf3 Nf6 5.Be2 O-O 6.O-O Bg4 7.Be3 Nc6 8.Qd2 Nd7
9.Rad1 e5 10.dxe5 dxe5 11.Bg5 Bf6 12.Bxf6 Qxf6 13.Nd5 Qd6 14.c3 Bxf3 15.Bxf3 Rad8
16.Qh6 Ncb8 17.h4 c6 18.Ne3 Qe7 19.h5 Nc5 20.Ng4 Nbd7 21.g3 Ne6 22.Be2 Ng5
23.Bc4 Kh8 24.Kg2 Rg8 25.hxg6 Rxg6 26.Qh4 f6 27.Nh6 b5 28.Bb3 Qf8 29.Rh1 Qg7
30.Qh5 Rxh6 31.Qxh6 Qe7 32.Qg6 Rf8 33.Qf5 Nc5 34.Bc2 b4 35.Rd2 Rg8 36.Rhd1 bxc3
37.bxc3 Nge6 38.Rd6 Rg5 39.Qf3 Qf7 40.Bb3 Nxb3 41.axb3 Nf4+ 42.Kf1  1-0

[Event "Stary Smokovec"]
[Site "Stary Smokovec"]
[Date "1973.??.??"]
[Round "4"]
[White "Plachetka, Jan"]
[Black "Vogt, Lothar"]
[Result "1/2-1/2"]
[WhiteElo "2445"]
[BlackElo "2440"]

1.d4 g6 2.e4 d6 3.Nc3 Bg7 4.Be3 Nf6 5.f3 c6 6.Qd2 Nbd7 7.Nh3 O-O 8.Nf2 e5
9.Be2 Re8 10.O-O Nh5 11.Rfd1 Qe7 12.d5 c5 13.Nb5 Rf8 14.b4 a6 15.Na3 f5 16.Bg5 Bf6
17.Bxf6 Qxf6 18.c3 b5 19.c4 cxb4 20.Qxb4 bxc4 21.Nxc4 Nc5 22.exf5 Bxf5 23.Rac1 Rab8
24.Qa3 Nf4 25.Bf1 e4 26.Qe3 Nfd3 27.Nxd3 Nxd3 28.Rb1 Rxb1 29.Rxb1 Ne5 30.Nxe5 Qxe5
31.fxe4 Qxe4 32.Qxe4 Bxe4 33.Rb6 Bxd5 34.a4 a5 35.Rb5 Bc6 36.Rxa5 Rf4  1/2-1/2

[Event "Stary Smokovec"]
[Site "Stary Smokovec"]
[Date "1973.??.??"]
[Round "4"]
[White "Novak, Ivan"]
[Black "Bohosjan, Sarkis"]
[Result "1/2-1/2"]
[WhiteElo "2330"]
[BlackElo "2425"]

1.e4 g6 2.d4 Bg7 3.Nc3 d6 4.f4 a6 5.Nf3 b5 6.Bd3 Bb7 7.Qe2 b4 8.Nd1 Nd7 9.e5 e6
10.Nf2 Ne7 11.Bd2 a5 12.a3 Nf5 13.Ne4 d5 14.Nf2 bxa3 15.Rxa3 c5 16.O-O Nxd4
17.Nxd4 cxd4 18.Rfa1 O-O 19.Bxa5 Qc8 20.Bb4 Rxa3 21.Rxa3 Re8 22.h4 Bc6 23.f5 Bxe5
24.Ng4 Bf4 25.Qf2 Be3 26.Nxe3 dxe3 27.Qxe3  1/2-1/2

[Event "URS-JUG"]
[Site "Tbilisi"]
[Date "1973.??.??"]
[Round "3"]
[White "Milovanovic, Rade"]
[Black "Mikhalchishin, Adrian"]
[Result "0-1"]
[WhiteElo "2200"]
[BlackElo "2200"]

1.e4 g6 2.d4 Bg7 3.Nc3 d6 4.Nf3 Nf6 5.Be2 O-O 6.O-O Bg4 7.Be3 Nc6 8.Qd2 e5
9.d5 Ne7 10.a4 Bd7 11.Bh6 c6 12.Bxg7 Kxg7 13.dxc6 Bxc6 14.Qe3 Qc7 15.Rfd1 a6
16.Bc4 b5 17.Bb3 b4 18.Nd5 Bxd5 19.exd5 Nd7 20.Qd2 a5 21.Ng5 h6 22.Ne4 Nc5
23.Ng3 Rac8 24.f4 f6 25.Rac1 Qd7 26.Qf2 Nf5 27.Nxf5+ Qxf5 28.fxe5 fxe5 29.Qe2 e4
30.Rf1 Qe5 31.Qb5 e3 32.Rfe1 Nxb3 33.cxb3 Rxc1 34.Rxc1 e2 35.Re1 Qe3+ 36.Kh1 Qf2  0-1

[Event "URS-ch sf"]
[Site "Tbilisi"]
[Date "1973.??.??"]
[Round "11"]
[White "Kuindzhi, Alexander"]
[Black "Tseshkovsky, Vitaly"]
[Result "0-1"]
[WhiteElo "2200"]
[BlackElo "2520"]

1.e4 g6 2.d4 Bg7 3.Nc3 d6 4.Nf3 Nf6 5.Bg5 h6 6.Bh4 c6 7.Be2 g5 8.Bg3 Nh5
9.Qd2 Nd7 10.O-O-O Nf8 11.Ne1 Nxg3 12.hxg3 Ne6 13.d5 Nd4 14.Nf3 Nxe2+ 15.Nxe2 Qb6
16.c3 cxd5 17.exd5 Qxf2 18.Qd3 Qc5 19.b4 Qc7 20.Nfd4 Bd7 21.Ne6 Bxe6 22.dxe6 O-O
23.Rxh6 Bxh6 24.Rh1 Kg7 25.Nd4 f5 26.Kc2 Rac8 27.Kb3 a5 28.a3  0-1

[Event "IBM-B"]
[Site "Amsterdam"]
[Date "1974.??.??"]
[Round "11"]
[White "Bohm, Hans"]
[Black "Enklaar, Bertus F"]
[Result "1-0"]
[WhiteElo "2285"]
[BlackElo "2425"]

1.d4 g6 2.e4 Bg7 3.Nc3 d6 4.Be2 Nf6 5.Nf3 O-O 6.O-O c6 7.a4 Qc7 8.h3 Nbd7
9.Re1 e5 10.Bf1 a5 11.dxe5 dxe5 12.Be3 Rd8 13.Qe2 Nh5 14.Qc4 Ndf6 15.Qb3 Be6
16.Bc4 Bxc4 17.Qxc4 Ne8 18.Qb3 Qe7 19.Bb6 Rd7 20.Rad1 Rxd1 21.Rxd1 Nf4 22.Kf1 h5
23.Qc4 Ne6 24.b3 Bf8 25.Nxe5 Nd6 26.Qd3 Nf4 27.Qg3 Qxe5 28.Bd4 Nxe4 29.Bxe5 Nxg3+
30.fxg3 Ne6 31.Ne4 Bg7 32.Bxg7 Kxg7 33.Rd7 Rd8 34.Rxd8 Nxd8 35.Ke2 Kf8 36.Nd6 c5
37.Kd3 Ke7 38.Ne4 b6 39.Kc4 Kd7 40.Kb5 Kc7 41.Nf6 Ne6 42.Nd5+ Kd6 43.Nxb6 Nd4+
44.Kxa5 Kc6 45.c4 Nxb3+ 46.Ka6 Nd2 47.a5 Nb3 48.Nd5 Nd2 49.Ne3 Nb3 50.g4 hxg4
51.Nxg4 Nd2 52.Ne3 Nb3 53.h4 f5 54.Nxf5  1-0

[Event "IBM-B"]
[Site "Amsterdam"]
[Date "1974.??.??"]
[Round "11"]
[White "Dely, Peter"]
[Black "Ardiansyah, Haji"]
[Result "0-1"]
[WhiteElo "2470"]
[BlackElo "2315"]

1.e4 g6 2.d4 Bg7 3.Nc3 d6 4.Nf3 c6 5.Bc4 b5 6.Nxb5 d5 7.exd5 cxb5 8.Bxb5+ Bd7
9.Bxd7+ Nxd7 10.c4 Ngf6 11.O-O O-O 12.b3 a5 13.Re1 Re8 14.Bg5 h6 15.Bh4 Qc8
16.Qd3 g5 17.Bg3 Nh5 18.Re2 Nxg3 19.hxg3 Nc5 20.Qd1 Na6 21.Qd2 a4 22.Rb1 Rb8
23.Ne5 axb3 24.axb3 Nb4 25.Ra1 e6 26.d6 Rd8 27.f4 Rxd6 28.fxg5 hxg5 29.Qxg5 f6
30.Qg6 fxe5 31.Ra7 Rb7 32.Rxb7 Qxb7 33.Qe8+ Bf8 34.Rxe5 Qe7 35.Qg6+ Bg7 36.c5 Ra6
37.Rh5 Nd5 38.Kh2 Nf6 39.Rh4 Qb7  0-1

[Event "Hastings 7475"]
[Site "Hastings"]
[Date "1974.??.??"]
[Round "1"]
[White "Sigurjonsson, Gudmundur"]
[Black "Botterill, George Steven"]
[Result "1-0"]
[WhiteElo "2480"]
[BlackElo "2410"]

1.e4 d6 2.d4 g6 3.Nc3 Bg7 4.Nf3 Nf6 5.h3 O-O 6.Be3 Na6 7.Be2 c5 8.dxc5 Qa5
9.cxd6 Nxe4 10.dxe7 Re8 11.O-O Nxc3 12.bxc3 Bxc3 13.Rb1 Rxe7 14.Bb6 Qa4 15.Bb5 Qe4
16.Qd8+ Kg7 17.Rfe1 Qf4 18.Rxe7 Bg4 19.Bd4+  1-0

[Event "HUN-ch"]
[Site "?"]
[Date "1974.??.??"]
[Round "?"]
[White "Horvath, Tamas"]
[Black "Sapi, Laszlo"]
[Result "1-0"]
[WhiteElo "2280"]
[BlackElo "2410"]

1.e4 g6 2.d4 Bg7 3.Nc3 d6 4.Bg5 c6 5.Qd2 Nd7 6.f4 b5 7.Nf3 b4 8.Nd1 Rb8 9.a3 a5
10.axb4 axb4 11.e5 f6 12.Bh4 Nh6 13.Bc4 d5 14.Bd3 Qb6 15.Ne3 Nf8 16.O-O f5
17.c4 Ng4 18.c5 Qc7 19.Nc2 b3 20.Nb4 Ne6 21.Ra4 O-O 22.h3 Nh6 23.Rfa1 Nf7
24.Ra7 Rb7 25.Ra8 Bh6 26.g3 Kh8 27.R1a3 Rg8 28.Ba6 g5 29.Bxb7 gxh4 30.Rxc8 Rxc8
31.Bxc8 Qxc8 32.Nxh4 Ng7 33.Rxb3 Nh5 34.Qe2 Ng7 35.Qa6 Qg8 36.Nxc6 Nd8 37.Nxd8  1-0

[Event "HUN-ch"]
[Site "?"]
[Date "1974.??.??"]
[Round "?"]
[White "Perenyi, Bela"]
[Black "Sapi, Laszlo"]
[Result "1-0"]
[WhiteElo "2255"]
[BlackElo "2410"]

1.e4 g6 2.d4 Bg7 3.Nc3 d6 4.Nf3 Nf6 5.h3 O-O 6.Be2 c6 7.O-O b5 8.e5 Ne8 9.Ne4 Bf5
10.Ng3 Be6 11.a4 b4 12.c4 bxc3 13.bxc3 Nd7 14.Ba3 Rb8 15.c4 Nb6 16.Rc1 Nc7
17.Qc2 Bh6 18.exd6 exd6 19.Rb1 Bf4 20.a5 Nd7 21.Rxb8 Nxb8 22.Qe4 Qf6 23.Bd3 Re8
24.Ne2 Bh6 25.Qh4 Qxh4 26.Nxh4 d5 27.cxd5 Bxd5 28.Nc3 Bd2 29.Bb4 Bxc3 30.Bxc3 Nb5
31.Bb2 Na6 32.Rc1 Nb4 33.Bf1 Na2 34.Rc5 Re1 35.Nf3 Nb4 36.Nxe1  1-0

[Event "HUN-ch"]
[Site "?"]
[Date "1974.??.??"]
[Round "?"]
[White "Perenyi, Bela"]
[Black "Vadasz, Laszlo"]
[Result "0-1"]
[WhiteElo "2255"]
[BlackElo "2460"]

1.e4 g6 2.d4 Bg7 3.Nc3 d6 4.h3 Nf6 5.Nf3 O-O 6.Be2 Nc6 7.d5 Nb8 8.O-O c6
9.Bg5 Nbd7 10.Re1 Re8 11.Qd2 Qc7 12.Rad1 a6 13.Bh6 Bh8 14.dxc6 bxc6 15.Bc4 Nb6
16.Bb3 c5 17.Bd5 Nbxd5 18.Nxd5 Nxd5 19.exd5 Rb8 20.b3 Rb4 21.c3 Rb8 22.Ng5 Bf5
23.g4 Bc8 24.Qf4 f6 25.Ne6 Qa5 26.h4 Bxe6 27.Rxe6 Qxc3 28.Rde1 Rb4 29.R1e4 Qd3
30.Rxb4 cxb4 31.Qe4 Qxe4 32.Rxe4 a5 33.Rc4 Kf7 34.Rc7 Ra8 35.Kf1 f5 36.gxf5 gxf5
37.Ke2 Bf6 38.h5 a4 39.Kd3 axb3 40.axb3 Ra2 41.Bd2 Rb2 42.Bxb4 Be5 43.Bd2 Rxb3+
44.Kc4 Rf3 45.Be3 Rh3 46.h6 f4 47.Bb6 Rxh6 48.Kd3 Rh3+ 49.Ke4 Rb3 50.Ba5 Rb2
51.f3 Kf6 52.Ra7 Re2+ 53.Kd3 Re3+ 54.Kd2 Kf7 55.Bd8 Bf6 56.Bc7 Kg6 57.Bd8 h5  0-1

[Event "HUN-ch"]
[Site "?"]
[Date "1974.??.??"]
[Round "?"]
[White "Tompa, Janos"]
[Black "Vadasz, Laszlo"]
[Result "1/2-1/2"]
[WhiteElo "2420"]
[BlackElo "2460"]

1.e4 g6 2.d4 Bg7 3.Nc3 d6 4.Nf3 Bg4 5.Be2 Nf6 6.O-O O-O 7.Be3 Nc6 8.Qd2 Re8
9.Rad1 e5 10.dxe5 Nxe5 11.Nxe5 dxe5 12.f3 Be6 13.Qxd8 Rexd8 14.Nb5 Rd7 15.Rxd7 Bxd7
16.Rd1 Bxb5 17.Bxb5 h6 18.a4 a5 19.Kf1 Bf8 20.Rd3 Kg7 21.Bc4 Be7 22.Rb3 b6
23.Bb5 Rd8 24.Rc3 Bd6 25.Ke2 Nh5 26.g3 Nf6 27.Rd3 g5 28.Bc6 Nd7 29.Bxd7 Rxd7
30.c4 c5 31.b4 axb4 32.a5 Kf6 33.axb6 Ke6 34.Rd5 Rb7 35.Bxc5 Bxc5 36.Rxc5 Rxb6
37.Kd3 b3 38.Rb5 Rxb5 39.cxb5 Kd6 40.Kc3 Kc5 41.Kxb3 Kxb5 42.g4  1/2-1/2

[Event "HUN-ch"]
[Site "?"]
[Date "1974.??.??"]
[Round "?"]
[White "Sax, Gyula"]
[Black "Vadasz, Laszlo"]
[Result "1/2-1/2"]
[WhiteElo "2505"]
[BlackElo "2460"]

1.e4 g6 2.d4 Bg7 3.Nc3 d6 4.f4 Nf6 5.Nf3 O-O 6.Bd3 Nc6 7.e5 dxe5 8.dxe5 Nd5
9.Bd2 Nb6 10.a3 f6 11.exf6 exf6 12.O-O Bg4 13.h3 Bxf3 14.Qxf3 f5 15.Rad1 Kh8
16.Be3 Qf6 17.Nb5 Qf7 18.b3 Rad8 19.a4 a6 20.Na3 Rfe8 21.Bf2 Qf8 22.Nb1 Qf6
23.Kh1 Nc8 24.Be1 Qe7 25.Bf2 Qf6 26.Na3 Nb6 27.Rfe1 Rxe1+ 28.Rxe1 Qb2 29.Bxb6 cxb6
30.Nc4 Qc3 31.Qe3 Qd4 32.Qxd4 Bxd4 33.Re6 Rd7 34.g4 fxg4 35.hxg4 Kg7 36.Be4 Kf7
37.f5 gxf5 38.Bxf5 Bc5 39.Rh6 Rd1+ 40.Kg2 b5 41.axb5 axb5 42.Nb2  1/2-1/2

[Event "HUN-ch"]
[Site "?"]
[Date "1974.??.??"]
[Round "?"]
[White "Sax, Gyula"]
[Black "Sapi, Laszlo"]
[Result "1/2-1/2"]
[WhiteElo "2505"]
[BlackElo "2410"]

1.e4 g6 2.d4 Bg7 3.Nc3 d6 4.f4 Nf6 5.Nf3 c5 6.e5 Nfd7 7.exd6 cxd4 8.Nxd4 O-O
9.Be3 Nf6 10.Be2 exd6 11.O-O Re8 12.Qd2 Nbd7 13.f5 Nc5 14.Bb5 Bd7 15.Bc4 d5
16.Nxd5 Nfe4 17.Qb4 b5 18.Nxb5 a5 19.Qa3 Bxb5 20.Bxb5 Qxd5 21.Rad1 Qe5 22.Bxe8 Rxe8
23.fxg6 hxg6 24.Qxa5 Bf8 25.b4 Nb7 26.Qxe5 Rxe5 27.a3 Nbd6 28.Bf4 Re6 29.Rfe1 Nb5
30.Rd3 Kg7 31.Bc1 f5 32.Rd7+ Kf6 33.c4 Nbd6 34.Rc7 Ne8 35.Bb2+ Kg5 36.Rc8 Bd6
37.c5 Bf4 38.b5 Nc7 39.g3 Bd2 40.Re2 Nxb5 41.a4  1/2-1/2

[Event "Lublin"]
[Site "Lublin"]
[Date "1974.??.??"]
[Round "11"]
[White "Nicevski, Risto"]
[Black "Tal, Mihail"]
[Result "0-1"]
[WhiteElo "2430"]
[BlackElo "2635"]

1.e4 d6 2.d4 g6 3.Nc3 Bg7 4.Be3 c6 5.Qd2 b5 6.Bd3 Nd7 7.a4 b4 8.Nce2 Rb8
9.Nf3 Qc7 10.O-O Ngf6 11.Bh6 O-O 12.c4 e5 13.Ng3 Re8 14.Bxg7 Kxg7 15.b3 Nf8
16.h3 N6d7 17.Rfe1 Ne6 18.d5 Nf4 19.Ne2 Nxd3 20.Qxd3 cxd5 21.cxd5 Qb6 22.a5 Qa6
23.Qe3 Nc5 24.Ng3 f6 25.Rec1 Bd7 26.Nf1 Rec8 27.N3d2 Bb5 28.Nh2 Nd3 29.Ng4 Nxc1
30.Qh6+ Kh8 31.Nxf6 Qb7 32.Nf3 Qg7 33.Qh4 Ne2+ 34.Kh2 Rf8  0-1

[Event "Madonna di Campiglio"]
[Site "Madonna di Campiglio"]
[Date "1974.??.??"]
[Round "1"]
[White "Mednis, Edmar John"]
[Black "Jansa, Vlastimil"]
[Result "1/2-1/2"]
[WhiteElo "2430"]
[BlackElo "2475"]

1.e4 g6 2.d4 d6 3.Nc3 Bg7 4.f4 Nf6 5.Nf3 O-O 6.Bd3 Nc6 7.e5 dxe5 8.dxe5 Nd5
9.Bd2 Nxc3 10.Bxc3 Bf5 11.Bxf5 gxf5 12.h3 e6 13.Qxd8 Raxd8 14.Ke2 f6 15.exf6 Bxf6
16.Bxf6  1/2-1/2

[Event "FRG-ch"]
[Site "Menden"]
[Date "1974.??.??"]
[Round "?"]
[White "Wockenfuss, Klaus"]
[Black "Buchal, Stephan"]
[Result "0-1"]
[WhiteElo "2200"]
[BlackElo "2290"]

1.e4 g6 2.d4 Bg7 3.Nc3 d6 4.f4 Nf6 5.Nf3 c5 6.Bb5+ Bd7 7.e5 Ng4 8.h3 cxd4
9.Qxd4 Nh6 10.g4 Bxb5 11.Nxb5 Qa5+ 12.Nc3 Nc6 13.Qe4 O-O-O 14.Bd2 dxe5 15.fxe5 Nxe5
16.Nxe5 Rxd2 17.Kxd2 Qxe5 18.Qxe5 Bxe5 19.Rad1 f5 20.Rhg1 Rf8 21.Ke2 a6 22.Na4 Bd6
23.Nb6+ Kc7 24.Nd5+ Kc6 25.Rd3 Nf7 26.gxf5 Ne5 27.Rdd1 Rxf5 28.Ne3 Rf3 29.Rh1 Rf4
30.c3 Bc5 31.b4 Ba7 32.Ng4 Re4+ 33.Kd2 Nf3+ 34.Kd3 Rf4 35.Rdf1 h5 36.Rxf3 Rxf3+
37.Ke4 hxg4 38.hxg4  0-1

[Event "FRG-ch"]
[Site "Menden"]
[Date "1974.??.??"]
[Round "?"]
[White "Wockenfuss, Klaus"]
[Black "Eising, Johannes"]
[Result "1/2-1/2"]
[WhiteElo "2200"]
[BlackElo "2200"]

1.d4 g6 2.e4 Bg7 3.Nc3 d6 4.f4 c6 5.Nf3 Bg4 6.Be3 Nd7 7.Qd2 Bxf3 8.gxf3 Ngf6
9.Bd3 Qa5 10.e5 Nd5 11.Nxd5 Qxd2+ 12.Kxd2 cxd5 13.h4 h5 14.b3 e6 15.Rhg1 Ke7
16.c4 Bh6 17.Rae1 dxe5 18.fxe5 Bxe3+ 19.Kxe3 Nb6 20.c5 Nd7 21.Rc1 Rhc8 22.Rc2 a5
23.Rb1 Nb8 24.a3 Nc6 25.Ra2 Kd8 26.Rba1 Rcb8 27.Rc1 Ra7 28.Rb2 Rba8 29.Bf1 Ne7
30.Bd3 Nc6 31.Ra2 Kc7 32.Rca1 Kd8 33.Rg1 Rb8 34.Rc1 Rba8 35.Rg2 Rb8 36.Rgc2 Rba8
37.Rh2 Rb8 38.Rf2 Raa8 39.Rd2 Ra7 40.Rh2 Raa8 41.Rb2 Ra7 42.Rbc2  1/2-1/2

[Event "FRG-ch"]
[Site "Menden"]
[Date "1974.??.??"]
[Round "?"]
[White "Reichenbach, Werner"]
[Black "Ditt, Egon"]
[Result "1-0"]
[WhiteElo "2200"]
[BlackElo "2200"]

1.e4 g6 2.d4 Bg7 3.Nc3 d6 4.Nf3 Nf6 5.Be2 O-O 6.O-O Bg4 7.Be3 e5 8.dxe5 Bxf3
9.Bxf3 dxe5 10.Bc5 Re8 11.Be2 Nbd7 12.Be3 Nf8 13.f3 Ne6 14.Bc4 Qe7 15.Qe1 Nd4
16.Qf2 c6 17.Rfd1 Rad8 18.Bf1 b6 19.Rd2 Qb4 20.Nd1 Ne6 21.c3 Qe7 22.Qe1 Nh5
23.Nf2 Bf6 24.Rad1 Bg5 25.Bc4 Nhg7 26.b4 Rxd2 27.Rxd2 Rd8 28.Ng4 Rxd2 29.Qxd2 Bxe3+
30.Qxe3 f6 31.Qd2 h5 32.Qd7 Kf8 33.Qc8+ Nd8 34.Ne3 Qd6 35.h3 Ne8 36.Nf1 Qe7
37.Bb3 Nd6 38.Qa6 Nb5 39.a4 Nd6 40.Qd3 Ne6 41.Qd2 Kg7 42.Ne3 a5 43.Bxe6 Qxe6
44.bxa5 bxa5 45.Qd3 Nb7 46.Qa6 Qd7 47.Qa8 h4 48.Kh2 f5 49.Qb8 Nd6 50.exf5 Qe7
51.fxg6 Qf6 52.Kh1 Qf4 53.Qc7+ Kxg6 54.Qxd6+ Kf7 55.Qd7+ Kf6 56.Ng4+ Kg6
57.Qe6+ Kh7 58.Nf6+ Kg6 59.Nd5+  1-0

[Event "FRG-ch"]
[Site "Menden"]
[Date "1974.??.??"]
[Round "?"]
[White "Westermeier, Arnulf"]
[Black "Feustel, Bernd"]
[Result "0-1"]
[WhiteElo "2200"]
[BlackElo "2200"]

1.e4 g6 2.d4 Bg7 3.Nc3 d6 4.Nf3 Nd7 5.Bf4 c5 6.dxc5 Nxc5 7.e5 Ne6 8.Bg3 Qa5
9.Bb5+ Kf8 10.Qe2 a6 11.Bd3 dxe5 12.Nxe5 Nf6 13.O-O Nh5 14.Nc4 Nxg3 15.fxg3 Qc5+
16.Kh1 Nd4 17.Qf2 Be6 18.Ne4 Qc7 19.Ng5 Bxc4 20.b3 Bd5 21.c4 Nf3 22.Nxf3 Bxa1
23.Nd4 Bxd4 24.Qxd4 Bxg2+ 25.Kxg2 Kg8 26.Be4 Rd8 27.Qc3 f6 28.Qf3 Rd2+ 29.Kh1 Rxa2
30.Bxb7 Kg7 31.Re1 Rd8 32.Bd5 Qc5 33.h4 Qb4 34.Qe3 e5 35.Qa7+ Kh8 36.Rg1 Qd2
37.Rg2 Qd1+ 38.Kh2 Ra1 39.g4 Qe1 40.Kh3 Qb4 41.Kh2 Qb8 42.Qe3 Kg7 43.Rg3 Ra2+
44.Kh3 a5 45.h5 Qc7 46.h6+ Kf8 47.Rf3 Ke7 48.Qg1 Rd6 49.Qe3 Kd8 50.Qxe5 fxe5
51.Rf8+ Kd7  0-1

[Event "FRG-ch"]
[Site "Menden"]
[Date "1974.??.??"]
[Round "?"]
[White "Reichenbach, Werner"]
[Black "Buchal, Stephan"]
[Result "1-0"]
[WhiteElo "2200"]
[BlackElo "2290"]

1.e4 g6 2.d4 Bg7 3.Nc3 d6 4.Nf3 Bg4 5.Be2 Nc6 6.Be3 e5 7.dxe5 Bxf3 8.gxf3 Nxe5
9.f4 Nc6 10.Qd2 Nf6 11.O-O-O Qe7 12.Bf3 a6 13.h4 O-O-O 14.Qd3 Qe6 15.a3 h5
16.Nd5 Rhe8 17.f5 Qd7 18.Bg5 Nxd5 19.Bxd8 Nb6 20.Bg5 Ne5 21.Qb3 Nec4 22.f6 Bh8
23.Bg2 Qd8 24.Qc3 Re5 25.b3 Bxf6 26.Bxf6 Qxf6 27.bxc4 Na4 28.Qd4 Nc5 29.Rd2 Kb8
30.f3 Qf4 31.Kd1 Na4 32.Ke2 f5 33.Qe3 Qg3 34.Kf1 Rxe4 35.Qf2 Qxf2+ 36.Kxf2 Rxc4
37.Kg3 Nc5 38.Ra1 Rc3 39.Kh2 Rc4 40.Kh3 Ne6 41.Bf1 Rc3 42.Kg3 g5 43.hxg5 Nxg5
44.Kf4 Nf7  1-0

[Event "FRG-ch"]
[Site "Menden"]
[Date "1974.??.??"]
[Round "?"]
[White "Striebich, Rudolf"]
[Black "Feustel, Bernd"]
[Result "1-0"]
[WhiteElo "2200"]
[BlackElo "2200"]

1.e4 g6 2.d4 Bg7 3.Nc3 d6 4.Bc4 e6 5.Nge2 Ne7 6.Be3 Nd7 7.Qd2 h6 8.h4 Nf6
9.f3 d5 10.Bb3 b6 11.O-O-O Bb7 12.e5 Nd7 13.Kb1 a6 14.Na4 h5 15.g4 b5 16.Nc5 Nxc5
17.dxc5 hxg4 18.Nd4 gxf3 19.Nxf3 d4 20.Qf2 dxe3 21.Rxd8+ Rxd8 22.Qxe3 Nf5
23.Qf2 Nxh4 24.Ng5 Nf3 25.Rxh8+ Bxh8 26.a4 Rd1+ 27.Ka2 Nxg5 28.Qh4 Nh7 29.Qxh7 Bxe5
30.Qh3 Bd5 31.axb5 axb5 32.Qe3 Bxb3+ 33.Kxb3 Rd5 34.c3 c6 35.Kb4 Bc7 36.Qf3 Bd8
37.c4 bxc4 38.Kxc4 e5 39.b4 Bg5 40.Kb3 Ke7 41.Qe2 Bd2 42.Qa6 Rd4 43.Qb7+ Kd8
44.Qxc6 Rxb4+ 45.Ka3 Bc3 46.Qd6+ Kc8 47.Qf8+ Kb7 48.Qxf7+ Kb8 49.c6 Rb6 50.Qe8+ Kc7
51.Qd7+ Kb8 52.c7+  1-0

[Event "FRG-ch"]
[Site "Menden"]
[Date "1974.??.??"]
[Round "?"]
[White "Ostermeyer, Peter"]
[Black "Buchal, Stephan"]
[Result "1-0"]
[WhiteElo "2200"]
[BlackElo "2290"]

1.e4 g6 2.d4 Bg7 3.Nc3 d6 4.Nf3 Nf6 5.Be2 O-O 6.O-O c6 7.a4 Qc7 8.h3 e5 9.dxe5 dxe5
10.Bc4 a5 11.Be3 Nh5 12.Re1 Nd7 13.Qe2 Re8 14.Bxf7+ Kxf7 15.Qc4+ Kf8 16.Ng5 Re7
17.Nd5  1-0